| Поле | Инд. | ПП | Название | Значение |
|---|---|---|---|---|
| Тип записи | a | |||
| Библиографический уровень | b | |||
| 001 | Контрольный номер | RU/IS/BASE/113069211 | ||
| 005 | Дата корректировки | 20210212151923.1 | ||
| 084 | a | Индекс другой классификации/Индекс ББК | 60.561.23 | |
| 100 | 1_ | a | Автор | Вукичевич С. |
| 245 | a | Заглавие | Социологическое определение рабочего места | |
| c | Ответственность | перевод М. П. Киршовой | ||
| 504 | a | Библиография | Библиогр.: с. 162 - 163 | |
| 650 | a | Основная рубрика | социология | |
| a | Основная рубрика | социология труда | ||
| a | Основная рубрика | экономическая социология | ||
| 653 | a | Ключевые слова | организация труда | |
| a | Ключевые слова | рабочее место | ||
| a | Ключевые слова | трудовой процесс | ||
| 700 | a | Автор | Киршова М. П. | |
| e | Роль лиц | переводчик | ||
| 773 | t | Заглавие источника | Вестник Московского университета. Серия 18, Социология и политология | |
| d | Дата издания источника | 2003 | ||
| g | Прочая информация | № 2. - С. 151 - 163 | ||
| w | Контрольный № источника | RU/IS/BASE/111079824 | ||
| 901 | t | Тип документа | b |